| 000 | 00627nam a2200181 i 4500 | ||
|---|---|---|---|
| 001 | 14004 | ||
| 003 | ES-MaACL | ||
| 005 | 20230906150716.0 | ||
| 007 | t| | ||
| 008 | 980827s1997 sp a |||| |dspa d | ||
| 080 | _a929:61 San Martín Satrústegui, Alejandro | ||
| 100 | 1 |
_aPalma Rodríguez, Fermín. _988621 |
|
| 245 | 1 | 0 |
_aVida y obra del doctor Alejandro San Martín Satrústegui / _cFermín Palma Rodríguez. |
| 260 |
_aSan Sebastián : _bSociedad Vasca de Historia de la Medicina, _c1997. |
||
| 300 |
_a116 p. : _bil. ; _c24 cm. |
||
| 600 | 1 | 4 |
_aSan Martín Satrústegui, Alejandro. _9102275 |
| 852 |
_aES-MaACL _jL-21290 |
||
| 999 |
_c14004 _d14004 |
||